000 00431nam a2200181Ia 4500
001 19190
005 20260306171726.0
008 260306s9999||||xx |||||||||||||| ||und||
041 _aESP
082 _a658.8
_bS78 2007
100 _aStanton, William J.
_eAUT
245 0 _aFundamentos de marketing
260 _c2007
300 _axxv, 741 páginas :
_c27 cm.
650 _aGEN
654 _aCAN
942 _cLIB
_dJUS
_fJUS
_2ddc
_n
999 _c19190
_d19190